امیر خسرو (Record no. 13555)
[ view plain ]
| 000 -LEADER | |
|---|---|
| fixed length control field | 00393nam a22001337a 4500 |
| 020 ## - INTERNATIONAL STANDARD BOOK NUMBER | |
| ISBN | 81-8223-193-0 |
| 082 ## - DEWEY DECIMAL CLASSIFICATION NUMBER | |
| Classification number | 297.811 |
| Item number | س ل ی |
| 100 ## - MAIN ENTRY--AUTHOR NAME | |
| Personal name | شیخ سلیم احمد |
| 245 ## - TITLE STATEMENT | |
| Title | امیر خسرو |
| 260 ## - PUBLICATION, DISTRIBUTION, ETC. (IMPRINT) | |
| Place of publication | دہلی |
| Name of publisher | ایجوکیشنل پبلشنگ ہاؤس |
| Year of publication | ٢٠٠٦ |
| 300 ## - PHYSICAL DESCRIPTION | |
| Number of Pages | ٤٣٩ صفحات |
| 650 ## - SUBJECT ADDED ENTRY--TOPICAL TERM | |
| Topical Term | Ameer Khusro, shair, Poet, Poetry, Personality |
| 942 ## - ADDED ENTRY ELEMENTS (KOHA) | |
| Koha item type | Books |
| Withdrawn status | Lost status | Collection code | Permanent Location | Current Location | Shelving location | Date acquired | Full call number | Accession Number | Koha item type |
|---|---|---|---|---|---|---|---|---|---|
| | | Urdu Literature | MAJU | MAJU | Shelf No.A11 | 2022-12-16 | 297.811 س ل ی | 10700 | Books |